| 000 | 00561nam a2200193 a 4500 | ||
|---|---|---|---|
| 005 | 20240315063658.0 | ||
| 008 | 120425s2008 ve r 000 0 spa d | ||
| 020 | _a9789806779273 | ||
| 035 | _aUPN01000184232 | ||
| 049 | _aI | ||
| 050 | 4 |
_aPZ75 _bT8.2 |
|
| 100 | 1 |
_aTusa, Alfonso, _d1961- _932211 |
|
| 245 | 1 | 0 |
_aBéisbol en la trilla / _cAlfonso Tusa ; il. Danlier Kabir Rojas. |
| 260 |
_aVenezuela : _bNorma, _c2008. |
||
| 300 |
_a40 p. : _bil. |
||
| 440 | 0 |
_aTorre de papel. _pAzul |
|
| 650 | 4 |
_aCuentos infantiles venezolanos _910764 |
|
| 905 | _aInfantil | ||
| 999 |
_c156335 _d156335 |
||